000 00302nam a22001457a 4500
020 _a978-81-264-3599-9
082 _a894.812.3
_bAND/K
100 _aANAND
245 _aKATHAKAL
_b2002-2012
260 _aKOTTAYAM
_bDC BOOKS
_c2012
300 _a224
520 _aNOVEL
650 _aNOVEL
942 _cBK
999 _c4701
_d4701